Statistiques concernant Les 15 outre-mer de France

Cliquez ici pour prendre le quiz!

Statistiques générales

  • Ce quiz a été pris 528 fois
  • Le résultat moyen est 11 sur 15

Statistiques - réponses

Distance de la France (Paris jusqu'à la capitale de l'île ou archipel)(en kilomètre)Nom de l'île ou archipel% Correct
6 788,01 kmGuadeloupe
96%
6 854,37 kmMartinique
96%
9 366,07 km La Réunion
93%
7 078,37 km Guyane
90%
8 042,17 km Mayotte
87%
4 266,46 kmSaint Pierre et Miquelon
78%
15 712,87 kmPolynésie-Française
77%
16 742,46 kmNouvelle-Calédonie
76%
6 718,73 kmSaint Martin
68%
16 057,14 kmWallis
68%
917,83 kmCorse
63%
6 715,79 kmSaint Barthélémy
61%
16 172,00 kmFutuna
59%
10 666,90 kmClipperton
41%
12 698,08 kmTerres australes et antarctiques françaises
16%

Distribution des résultats

Percentile par nombre de réponses

% des personnes avec chaque résultat

Votre développement - résultats

Vous n’avez pas pris ce quiz